Normal view
MARC view
- جمعه وحققه وشرحه وصنع فهارسه الجبر،خالد عبد الرؤوف
Entry Personal Name
001 - CONTROL NUMBER
- control field: 18302
003 - CONTROL NUMBER IDENTIFIER
- control field: JO-AjAnu
005 - DATE AND TIME OF LATEST TRANSACTION
- control field: 20230606073221.0
008 - FIXED-LENGTH DATA ELEMENTS
- fixed length control field: 230606|| aca||aabn | a|a d
040 ## - CATALOGING SOURCE
- Original cataloging agency: JO-AjAnu
- Transcribing agency: JO-AjAnu
100 ## - HEADING--PERSONAL NAME
- Personal name: جمعه وحققه وشرحه وصنع فهارسه الجبر،خالد عبد الرؤوف
670 ## - SOURCE DATA FOUND
- Source citation: Work cat.: (JO-AjAnu)9396: جمعه وحققه وشرحه وصنع فهارسه الجبر،خالد عبد الرؤوف, author, الصمة بن عبد الله القشيري: حياته وشعره